The psychology of anomalous experience: (Record no. 4407)
[ view plain ]
| 000 -LEADER | |
|---|---|
| fixed length control field | 00747nam a2200157 4500 |
| 020 ## - INTERNATIONAL STANDARD BOOK NUMBER | |
| ISBN | 0091132401 |
| -- | 009113241X (pbk.) |
| 050 00 - CALL NUMBER | |
| Classification number | BF491 |
| Item number | .R43 |
| 100 1# - AUTHOR | |
| Personal name | Reed, Graham F. |
| 245 14 - TITLE | |
| Title | The psychology of anomalous experience: |
| Remainder of title | a cognitive approach |
| Statement of responsibility, etc | [by] Graham Reed |
| 260 ## - PUBLICATION INFORMATION | |
| Place of publication | London, |
| Name of publisher | Hutchinson, |
| Year of publication | 1972. |
| 300 ## - DESCRIPTION | |
| Number of Pages | 175 p. |
| Dimensions | 23 cm. |
| 500 ## - NOTES | |
| General note | Includes bibliographical references and index |
| 505 ## - FORMATTED CONTENTS NOTE | |
| Table of Content | Introduction<br/>1. Anomalies of attention <br/>2. Anomalies of imagery and perception: I<br/>3. Anomalies of imagery and perception: II<br/>4. Anomalies of recall<br/>5. Anomalies of recognition <br/>6. Anomalies in the experience of self <br/>7. Anomalies of judgment and belief <br/>8. Envoi<br/> |
| 650 #0 - SUBJECTS | |
| Topical Term | Hallucinations and illusions. |
| 942 ## - ADDED ENTRY ELEMENTS (KOHA) | |
| Koha item type | Books |
| Withdrawn status | Lost status | Collection code | Home library | Current library | Shelving location | Date acquired | Full call number | Accession Number | Koha item type |
|---|---|---|---|---|---|---|---|---|---|
| Reference | Methodist University Library Main | Methodist University Library Main | General Stacks | 13/09/2000 | BF491 .R43 | 27816 | Books |